|
|
|
|
| LEADER |
00000nas a2200000 a 4500 |
| 001 |
ssj0000605292 |
| 003 |
WaSeSS |
| 005 |
20200512172242.0 |
| 006 |
m d |
| 007 |
cr n |
| 008 |
120306c20129999txuqr p s 0 a0eng |
| 010 |
|
|
|a 2012200533
|
| 022 |
|
|
|a 2166-3033
|y 2164-8034
|
| 035 |
|
|
|a (WaSeSS)ssj0000605292
|
| 037 |
|
|
|b University of Texas Press c/o Project Muse, 2715 N. Charles St., Baltimore, MD 21218
|
| 037 |
|
|
|a 22573/ctsfdzp6
|b JSTOR
|
| 040 |
|
|
|a DLC
|b eng
|c DLC
|d TXA
|d DLC
|d OCLCQ
|d OCLCF
|d OCLCO
|d FIE
|d OCLCO
|d OCLCQ
|d TEF
|d OCLCQ
|d GILDS
|d OCLCO
|d VT2
|d TKN
|d OCLCO
|d WaSeSS
|
| 042 |
|
|
|a pcc
|a nsdp
|
| 050 |
1 |
4 |
|a Z671
|b .J67
|
| 050 |
1 |
4 |
|a Z721
|b .I57
|
| 082 |
1 |
0 |
|a 261.8
|2 14
|
| 130 |
0 |
|
|a Information & culture (Online)
|
| 222 |
|
0 |
|a Information & culture
|b (Online)
|
| 245 |
1 |
0 |
|a Information & culture
|h [electronic resource].
|
| 246 |
1 |
|
|a I & C
|
| 246 |
1 |
|
|a Information and culture
|
| 260 |
|
|
|a Austin, TX :
|b University of Texas Press,
|c ©2012-
|
| 310 |
|
|
|a Quarterly
|
| 362 |
1 |
|
|a Began with: Vol. 47, no. 1 (2012).
|
| 500 |
|
|
|a "A journal of history."
|
| 506 |
|
|
|a License restrictions may limit access.
|
| 588 |
|
|
|a Description based on: Vol. 47, no. 1 (2012); title from PDF article copyright statement (Project MUSE, viewed Mar. 21, 2012).
|
| 588 |
|
|
|a Latest issue consulted: Vol. 47, no. 1 (2012) (Project MUSE, viewed Mar. 21, 2012).
|
| 650 |
|
0 |
|a Libraries
|x History
|v Periodicals.
|
| 650 |
|
0 |
|a Library science
|v Periodicals.
|
| 650 |
|
0 |
|a Information science
|x History
|v Periodicals.
|
| 650 |
|
7 |
|a Information science.
|2 fast
|0 (OCoLC)fst00972640
|
| 650 |
|
7 |
|a Libraries.
|2 fast
|0 (OCoLC)fst00997341
|
| 650 |
|
7 |
|a Library science.
|2 fast
|0 (OCoLC)fst00997916
|
| 655 |
|
0 |
|a Electronic journals.
|
| 776 |
0 |
8 |
|i Print version:
|t Information & culture
|x 2164-8034
|w (DLC) 2011202481
|w (OCoLC)762796337
|
| 780 |
0 |
0 |
|t Libraries & the cultural record (Online)
|x 1932-9555
|w (DLC) 2006264636
|w (OCoLC)71353254
|
| 856 |
4 |
0 |
|z Full text available from Research Library: 2012 to 1 year ago
|u https://search.proquest.com/publication/28931
|